00631nam a2200157Ia 4500008004100000100001900041245010700060245008400167260004900251260000900300300001100309650001300320856004800333999001900381952007300400170221s9999 xx 000 0 und d aDavid G. Meyer aImplemented strategy in the automobile parts supply sector: Direct and indirect effects on performance cDavid G. Meyer, Meyer & Associates; Steve Dunphy, Indiana University Northwest. bJournal of Management and Marketing Research c2015 a13 : 1 xBusiness uhttp://www.aabri.com/manuscripts/142057.pdf c311470d311470 001040aCLbCLd2017-02-21l0r2017-02-21 00:00:00w2017-02-21yFOJ